E-Marketing Strategy
Nástroje internetového marketingu, internetová reklama, propagácia webových stránok. Nástroje marketingovej komunikácie v internetovom marketingu. Prípadová štúdia na produkte aromatického budíka "Smell up".
Saved in:
| Main Author: | |
|---|---|
| Format: | Book Chapter |
| Language: | English |
| Subjects: | |
| Tags: |
No Tags, Be the first to tag this record!
|
MARC
| LEADER | 00000naa$a2200000$$$4500 | ||
|---|---|---|---|
| 001 | 0248840 | ||
| 005 | 20240502073959.4 | ||
| 041 | 0 | |a eng | |
| 044 | |a SK | ||
| 245 | 1 | 0 | |a E-Marketing Strategy |c Mária Szivósová |
| 520 | |a Nástroje internetového marketingu, internetová reklama, propagácia webových stránok. Nástroje marketingovej komunikácie v internetovom marketingu. Prípadová štúdia na produkte aromatického budíka "Smell up". | ||
| 610 | 2 | 0 | |a marketing |
| 610 | 2 | 0 | |a marketing elektronický |
| 610 | 2 | 0 | |a stratégia marketingová |
| 610 | 2 | 0 | |a komunikácia marketingová |
| 610 | 2 | 0 | |a marketing mix |
| 610 | 2 | 0 | |a internet |
| 610 | 2 | 0 | |a technológie informačné |
| 610 | 2 | 0 | |a technológie komunikačné |
| 610 | 2 | 0 | |a analýza swot |
| 610 | 2 | 0 | |a stránky webové |
| 610 | 2 | 0 | |a reklama |
| 610 | 2 | 0 | |a propagácia |
| 610 | 2 | 0 | |a štúdie prípadové |
| 610 | 2 | 0 | |a výrobky |
| 610 | 2 | 0 | |a štýl životný |
| 610 | 2 | 0 | |a podnik malý |
| 100 | 1 | |a Szivósová, Mária, 1958- | |